000 00551nam a2200193Ia 4500
005 20250508154016.0
008 008 250505s9999 xx 000 0 eng d
037 _aTextual
040 _aFEDL
_beng
_cFEDL
041 _aeng
_2eng
084 _a327.54, LOK
_qFEDL
245 0 _aForeign policy of India: Texts of documents, 1947 - 59
245 0 _cLok Sabha Secretariat
250 _a2
260 _aNew Delhi, India
_bLok Sabha Secretariat
_c1959
300 _aiv,410p
942 _cTEXL
_h327.54, LOK
999 _c1346999
_d1346999